000 00940cam a22002411 4500
001 l 23000172
003 DLC
005 20260227111529.0
008 961002s1922 ne b 000 0 eng
010 _al 23000172
035 _a(OCoLC)36274359
040 _aDLC
_cICU
_dDLC
050 0 0 _aK1821
_b.I57 1922
110 2 _aInternational Federation of Trade Unions.
245 1 4 _aThe protection of young workers throughout the world;
_ba summary of the protective legislative measures for young workers in the various countries.
260 _aAmsterdam,
_bThe International Federation of Trade Unions,
_c1922.
300 _a72 p.
_btables, col. maps.
_c23 cm.
490 1 _aPublications of the International Federation of Trade Unions ;
_vno. 1
650 0 _aChild labor.
650 0 _aChildren
_xLegal status, laws, etc.
650 0 _aTechnical education.
810 2 _aInternational Federation of Trade Unions.
_tPublications ;
_vno. 3.
999 _c35699
_d35699